[Event "Nordhausen op 8th"]
[Site "Nordhausen"]
[Date "2008.08.01"]
[Round "3.3"]
[White "Kuntze, Andreas"]
[Black "Natsidis, Christoph"]
[Result "1/2-1/2"]
[WhiteElo "2070"]
[BlackElo "2309"]
[PlyCount "20"]
[EventDate "2008.07.31"]
[EventType "swiss"]
[EventRounds "7"]
[EventCountry "GER"]
[SourceTitle "EXT 2019"]
[Source "ChessBase"]
[SourceDate "2018.10.10"]
[SourceVersion "1"]
[SourceVersionDate "2018.10.10"]
[SourceQuality "1"]

1. d4 e6 2. Nf3 Nf6 3. e3 c5 4. Bd3 Nc6 5. c3 d5 6. Nbd2 Qc7 7. 0-0 Be7 8. dxc5 Bxc5 9. e4 0-0 10. Qe2 Bd6 1/2-1/2

[Event "CFriend AM-2004-0-00013 email"]
[Site "Chessfriend.com"]
[Date "2004.06.28"]
[Round "1"]
[White "Kuntze, Andreas"]
[Black "Kuhne, Detlev"]
[Result "1-0"]
[WhiteElo "2335"]
[BlackElo "2409"]
[PlyCount "59"]
[EventDate "2004.??.??"]
[EventType "tourn (corr)"]
[EventRounds "12"]
[SourceTitle "Corr 2024"]
[Source "ChessBase"]
[SourceDate "2023.10.19"]
[SourceVersion "1"]
[SourceVersionDate "2023.10.19"]
[SourceQuality "1"]

1. d4 Nf6 2. c4 g6 3. Nc3 Bg7 4. e4 d6 5. Nf3 0-0 6. h3 e5 7. d5 a5 8. Bg5 Na6 9. Nd2 c6 10. Be2 Bd7 11. 0-0 h6 12. Be3 Nc5 13. b3 Qb8 14. a3 cxd5 15. exd5 Bf5 16. b4 axb4 17. axb4 Rxa1 18. Qxa1 Nce4 19. Ndxe4 Nxe4 20. Nxe4 Bxe4 21. Bb6 Bf6 22. Rd1 Qc8 23. c5 Kg7 24. Qa5 Bh4 25. Qb5 Bd8 26. Bc4 Bc7 27. Re1 Bf5 28. c6 bxc6 29. dxc6 Bd8 30. Rd1 1-0